• 首页
  • 本馆介绍
  • 公告通知
  • 最新文献
  • 馆藏检索
  • 电子资源
  • 读者导购
  • 参考咨询
  • 我的图书馆
  • 登录
  • 详细信息显示
  • 放入我的书架
  • 预约/预借图书
  • 作者相关作品
  • 分类相关作品
  • 丛书相关作品
  • 出版社相关作品

书目信息

  • 表格格式
  • 工作单格式
  • 卡片格式
题名:
商业摄影核心课
    
 
作者: 陈帆 编著
分册:  
出版信息: 北京   电子工业出版社  2019.7
页数: 328页
开本: 26cm
丛书名:
单 册:
中图分类: J412.9 , J41
科图分类:
主题词: 商业摄影--摄影艺术
电子资源:
ISBN: 978-7-121-36992-6
000 01055nam0 2200277 45
001 012001000669
005 20130909124218.0
010    @a978-7-121-36992-6@dCNY118.00
099    @aCAL 012019140249
100    @a20190816d2019 em y0chiy0110 ea
101 0  @achi
102    @aCN@b110000
105    @aa z 000yy
106    @ar
200 1  @a商业摄影核心课@Ashang ye she ying he xin ke@e淘宝 (电商) 服装拍摄从入门到精通@f陈帆编著
210    @a北京@c电子工业出版社@d2019.7
215    @a328页@c彩图@d26cm
300    @a其他题名:淘宝 (电商) 服装拍摄从入门到精通
330    @a本书从基础入门技术入手, 快速登至专业高度, 系统介绍商业服装摄影专业技法及其实战经验。本书从具体的拍摄案例出发, 针对每个具体的拍摄项目详细剖析了用光、构图、布景、道具、拍摄和修饰的技术要点, 清晰地还原了每个高质量的商业服装摄影项目的拍摄过程。
517 1  @a淘宝 (电商) 服装拍摄从入门到精通
606 0  @a商业摄影@x摄影艺术
690    @aJ412.9@v5
690    @aJ41@v5
701  0 @a陈帆@Achen fan@4编著
801    @aCN@b江苏凤凰@c20211018
905    @b1340564-7@dJ412.9@e426@f4
    
    商业摄影核心课:淘宝 (电商) 服装拍摄从入门到精通/陈帆编著.-北京:电子工业出版社,2019.7
    328页:彩图;26cm
    其他题名:淘宝 (电商) 服装拍摄从入门到精通
    
    ISBN 978-7-121-36992-6:CNY118.00
    本书从基础入门技术入手, 快速登至专业高度, 系统介绍商业服装摄影专业技法及其实战经验。本书从具体的拍摄案例出发, 针对每个具体的拍摄项目详细剖析了用光、构图、布景、道具、拍摄和修饰的技术要点, 清晰地还原了每个高质量的商业服装摄影项目的拍摄过程。
●
相关链接 在E读中查询图书 在五车中查询图书 在当当中查询图书 在豆瓣中查询图书


正题名:商业摄影核心课     索取号:J412.9/426         预约/预借

序号 登录号 条形码 馆藏地/架位号 状态 备注
1 1340564   213405643   第一样本阅览室/ [索取号:J412.9/426] 在馆    
2 1340565   213405652   第一借阅区/ [索取号:J412.9/426] 在馆    
3 1340566   213405661   第一借阅区/ [索取号:J412.9/426] 在馆    
4 1340567   213405670   第一借阅区/ [索取号:J412.9/426] 在馆    
唐山师范学院图书馆 欢迎您!
大连网信软件有限公司© 版权所有